Normal view MARC view

Entry Nombre corporativo

Number of records used in: 1

001 - NÚMERO DE CONTROL

  • campo de control: 6325

003 - IDENTIFICADOR DE NÚMERO DE CONTROL

  • campo de control: OSt

005 - FECHA Y HORA DE LA ÚLTIMA TRANSACCIÓN

  • campo de control: 20221005155159.0

008 - ELEMENTOS DE DATO DE LONGITUD-FIJA

  • campo de control de longitud fija: 221005|| aca||aabn | a|a d

040 ## - FUENTE DE CATALOGACIÓN

  • Centro catalogador/agencia de origen: OSt
  • Centro/agencia transcriptor: OSt

110 ## - ENCABEZAMIENTO-NOMBRE DE ENTIDAD CORPORATIVA

  • Nombre de entidad corporativa o nombre de jurisdicción como elemento de entrada: SEMINAR INNOVATIVE WAYS OF MEETING USER NEEDS ON OFFICIAL STATISTICS
  • Número del congreso/reunión o número de parte o sección:
  • Fecha del congreso o de la firma del tratado: 1999
  • Sede del congreso/Lugar de la reunión: Manchester

670 ## - FUENTE DE DATOS ENCONTRADOS

  • Cita de la fuente: Work cat.: (OSt)6166: SEMINAR INNOVATIVE WAYS OF MEETING USER NEEDS ON OFFICIAL STATISTICS 6º 1999 Manchester, Proceedings of the sixth seminar innovative ways of meeting user needs on official statistics /, 1999

Powered by Koha